Obras / (Record no. 10600)

MARC details
000 -LEADER
campo de control de longitud fija 01077nam a2200277 i 4500
001 - NÚMERO DE CONTROL
campo de control 10600
003 - IDENTIFICADOR DE NÚMERO DE CONTROL
campo de control ES-MaACL
005 - FECHA Y HORA DE LA ÚLTIMA TRANSACCIÓN
campo de control 20260301184725.0
007 - CAMPO FIJO DE DESCRIPCIÓN FÍSICA--INFORMACIÓN GENERAL
campo de control de longitud fija t|
008 - DATOS DE LONGITUD FIJA--INFORMACIÓN GENERAL
campo de control de longitud fija 880110m19861994sp ||||0| spa j
016 7# - NÚMERO DE CONTROL DE UNA AGENCIA BIBLIOGRÁFICA NACIONAL
Número de control cancelado/no válido SAB9000037833
-- BNE19921064584
-- IBH8705210678
020 ## - NÚMERO INTERNACIONAL ESTÁNDAR DEL LIBRO
Número Internacional Estándar del Libro 84-398-6681-X
040 ## - FUENTE DE CATALOGACIÓN
Centro catalogador/agencia de origen M-BN-DP
Lengua de catalogación spa
Centro/agencia transcriptor M-BN-DP
080 ## - NÚMERO DE LA CLASIFICACIÓN DECIMAL UNIVERSAL
Número de la Clasificación Decimal Universal 081 Comín, Alfonso
100 1# - ENTRADA PRINCIPAL--NOMBRE DE PERSONA
Nombre de persona Comín, Alfonso C.
9 (RLIN) 40007
245 10 - MENCIÓN DEL TÍTULO
Título Obras /
Mención de responsabilidad, etc. Alfonso Comín ; prólogo de Josep Maria Rovira Belloso ; [edición preparada por María Comín i Oliveres].
250 ## - MENCION DE EDICION
Mención de edición [1ª ed.].
260 ## - PUBLICACIÓN, DISTRIBUCIÓN, ETC.
Lugar de publicación, distribución, etc. Barcelona :
Nombre del editor, distribuidor, etc. Fundació Alfons Comín,
Fecha de publicación, distribución, etc. 1986-1994.
300 ## - DESCRIPCIÓN FÍSICA
Extensión 7 v. ;
Dimensiones 19 cm.
505 8# - NOTA DE CONTENIDO CON FORMATO
Nota de contenido con formato 1. 1966-1974 -- 2. 1974-1977 -- 3. 1977-1979 -- 4. España del sur -- 5. Escritos -- 6. Inéditos, intervenciones y escritos breves -- 7. Inéditos, cartas, poemas.
700 1# - ENTRADA AGREGADA--NOMBRE PERSONAL
Nombre de persona Comín i Oliveres, María.
9 (RLIN) 40012
710 0# - ENTRADA AGREGADA--NOMBRE DE ENTIDAD CORPORATIVA
Nombre de entidad corporativa o nombre de jurisdicción como elemento de entrada Fundació Alfons Comín
9 (RLIN) 4199
852 ## - LOCALIZACIÓN
Ubicación ES-MaACL
Número de control de estantería L-17990-6
Sublocalización o colección R.124369
852 ## - LOCALIZACIÓN
Ubicación ES-MaACL
Número de control de estantería P-577
Sublocalización o colección R.112675
condición física . - (2 vol.)
Holdings
Estatus retirado Estado de pérdida Estado de daño No para préstamo Biblioteca de origen Biblioteca actual Ubicación en estantería Fecha de adquisición Fuente de adquisición Total de préstamos Signatura topográfica completa Código de barras Visto por última vez Precio de reemplazo Tipo de ítem Koha
        Biblioteca del Ateneo de Madrid Biblioteca del Ateneo de Madrid Depósito 2 17/01/2008     P-577 1010812 23/02/2023 23/02/2023 Libro impreso
        Biblioteca del Ateneo de Madrid Biblioteca del Ateneo de Madrid Depósito 2 17/01/2008     L-17990-6 1010811 23/02/2023 23/02/2023 Libro impreso